书目信息 |
| 题名: |
墨子:兼爱人生
|
|
| 作者: | 陈伟 著 | |
| 分册: | ||
| 出版信息: | 武汉 长江文艺出版社 1993 |
|
| 页数: | 188页 | |
| 开本: | 19cm | |
| 丛书名: | 中国圣贤人生丛书 | |
| 单 册: | ||
| 中图分类: | B224.5 , B22 | |
| 科图分类: | ||
| 主题词: | ||
| 电子资源: | ||
| ISBN: | 7-5354-1143-6 | |
| 000 | 00849nam2 2200265 45 | |
| 001 | 1157178450 | |
| 005 | 20110927155451.32 | |
| 010 | @a7-5354-1143-6@dCNY8.00 | |
| 100 | @a19940614d1993 em y0chiy0121 ea | |
| 101 | 0 | @achi |
| 102 | @aCN@b420000 | |
| 105 | @ay z 000yy | |
| 200 | 10 | @a墨子:兼爱人生@AMO ZI : JIAN AI REN SHENG@f陈 伟著@FCHEN WEI ZHU |
| 210 | @a武汉@c长江文艺出版社@d1993 | |
| 215 | @a188页@d19cm | |
| 225 | 2 | @a中国圣贤人生丛书@f洪 质主编 |
| 330 | @a本书探讨了墨子的人生态度和处世策略,包括:人生最大的艺术、修身养性、智慧与谋略、节约生命、追求真知、一阴一阳之谓道6编。 | |
| 410 | 0 | @120010@a中国圣贤人生丛书 |
| 540 | 1 | @a墨子 人生@AMO ZI REN SHENG |
| 600 | 0 | @a墨翟@x思想评论 |
| 690 | @aB224.5@v三版 | |
| 690 | @aB22@v4 | |
| 701 | 0 | @a陈伟@ACHEN WEI@4著 |
| 801 | 0 | @aCN@bTSSF@c19940614 |
| 905 | @a10447@dB22@eJY5 | |
| 墨子:兼爱人生/陈 伟著.-武汉:长江文艺出版社,1993 |
| 188页;19cm.-(中国圣贤人生丛书/洪 质主编) |
| ISBN 7-5354-1143-6:CNY8.00 |
| 本书探讨了墨子的人生态度和处世策略,包括:人生最大的艺术、修身养性、智慧与谋略、节约生命、追求真知、一阴一阳之谓道6编。 |
| ● |
| 相关链接 |
|
|
|
|
正题名:墨子:兼爱人生
索取号:B22/JY5
 
预约/预借
| 序号 | 登录号 | 条形码 | 馆藏地/架位号 | 状态 | 备注 |
| 1 | 7824318 | 278243189 | 学院路分馆/ [索取号:B22/JY5] | 在馆 | |
| 2 | 7824319 | 278243198 | 学院路分馆/ [索取号:B22/JY5] | 在馆 | |
| 3 | 7824320 | 278243205 | 学院路分馆/ [索取号:B22/JY5] | 在馆 | |
| 4 | 7824321 | 278243214 | 学院路分馆/ [索取号:B22/JY5] | 在馆 |